• 首页
  • 本馆介绍
  • 公告通知
  • 最新文献
  • 馆藏检索
  • 电子资源
  • 读者导购
  • 参考咨询
  • 我的图书馆
  • 登录
  • 详细信息显示
  • 放入我的书架
  • 预约/预借图书
  • 作者相关作品
  • 分类相关作品
  • 丛书相关作品
  • 出版社相关作品

书目信息

  • 表格格式
  • 工作单格式
  • 卡片格式
题名:
自制照相机
    
 
作者: 海云 编著
分册:  
出版信息: 北京   少年儿童出版社  1979
页数: 112页
开本: 19cm
丛书名: 少年科技活动丛书
单 册:
中图分类: TB852.1
科图分类:
主题词: 摄影机--基本知识
电子资源:
ISBN:
000 00677nam2 2200265 45
001 0179008412
005 20060814153152.40
010    @dCNY0.21
091    @aR13024.60
091    @aR13024.60
100    @a19950801d1979 cemy0chiy0121 ea
101 0  @achi
102    @aCN@b110000
105    @ay z 000yy
200 10 @a自制照相机@Azi zhi zhao xiang ji@f海云编著
205    @a新1版
210    @a北京@c少年儿童出版社@d1979
215    @a112页@d19cm
225 2  @a少年科技活动丛书
410    @120010@a少年科技活动丛书
606    @a摄影机@x基本知识
690    @aTB852.1@v3
701  0 @a海云@Ahai yun@4编著
801  0 @aCN@bTSSF@c20060814
905    @a10447@dTB852.1@e126
    
    自制照相机/海云编著.-新1版.-北京:少年儿童出版社,1979
    112页;19cm.-(少年科技活动丛书)
    
    
    ISBN :CNY0.21
    
●
相关链接 在E读中查询图书 在五车中查询图书 在当当中查询图书 在豆瓣中查询图书


正题名:自制照相机     索取号:TB852.1/126         预约/预借

序号 登录号 条形码 馆藏地/架位号 状态 备注
1 0458227   204582273   密集书库/ [索取号:TB852.1/126] 在馆    
2 0458228   204582282   密集书库/ [索取号:TB852.1/126] 在馆    
3 0458229   204582291   密集书库/ [索取号:TB852.1/126] 在馆    
唐山师范学院图书馆 欢迎您!
大连网信软件有限公司© 版权所有